000 02574cam a2200601 i 4500
001 on1025379087
003 OCoLC
005 20210125154955.0
008 180221t20182018meu d 000 1 eng
010 _a 2018007225
020 _a9781432851637
_q(hardback)
020 _a1432851632
020 _c36.95
035 _a(OCoLC)1025379087
_z(OCoLC)1035830197
040 _aDLC
_beng
_erda
_cDLC
_dOCLCF
_dOJ4
_dORX
_dBKL
_dGPI
_dTJZ
_dOCP
_dFBR
_dVP@
_dDLC
_dWACOL
042 _apcc
043 _ae-uk-en
049 _aWACL
050 1 0 _aPS3557.R48998
_bK67 2018
082 0 0 _a813/.54
_223
084 _aFIC022000
_aFIC030000
_2bisacsh
092 _aFLP
_bGri
100 1 _aGrimes, Martha,
_eauthor.
_914689
245 1 4 _aThe knowledge
_h[large print] :
_ba Richard Jury mystery /
_cMartha Grimes.
250 _aLarge print edition.
264 1 _aWaterville, Maine :
_bThorndike Press,
_c©2018.
300 _a595 pages (large print) ;
_c23 cm.
336 _atext
337 _aunmediated
338 _avolume
490 0 _aThorndike Press Large Print Basic
490 1 _aRichard Jury mystery
520 _aRobbie Parsons is one of London's finest, a black cab driver who knows the city by heart. In his backseat is a man with a gun who brazenly committed a crime in front of the Artemis Club, then jumped in and ordered Parsons to drive. As the criminal eventually escapes to Nairobi, Detective Superintendent Richard Jury comes across the case in the Saturday paper and enlists his whole gang of merry characters to investigate.
650 0 _aJury, Richard (Fictitious character)
_vFiction.
_95739495
650 0 _aPolice
_zEngland
_vFiction.
_95674817
650 0 _aLarge type books.
_95973325
650 7 _aFICTION / Mystery & Detective / General.
_2bisacsh
_95676265
650 7 _aFICTION / Suspense.
_2bisacsh
_95675303
650 7 _aJury, Richard (Fictitious character)
_2fast
_95973327
650 7 _aLarge type books.
_2fast
_95973325
650 7 _aPolice.
_2fast
_95973329
650 4 _aLarge type books.
_95973325
650 4 _aPolice
_zEngland
_vFiction.
_95674817
650 4 _aMurder
_xInvestigation
_vFiction.
_95673630
650 4 _aJury, Richard (Fictitious character)
_vFiction.
_95739495
651 7 _aEngland.
_2fast
_95973331
655 7 _aMystery fiction.
_2gsafd
_95973332
655 7 _aFiction.
_2fast
_95673940
655 7 _aDetective and mystery fiction.
_2lcgft
_95683641
800 1 _aGrimes, Martha.
_tRichard Jury mystery.
_95973334
942 _cBOOK
_2ddc
948 _a06/20/2018
_zSirsi
999 _c310331
_d310331